00276 a2200109 4500020001800000082002000018100002100038245002900059250001400088260004900102300001500151 a9789388267557 a364.0954bPAR/C1 aParanjape, N. V. aCriminology and Penology a18th ed. aPrayagaraj:bCentral Law Publications,c2019 a1007 pages